|
|
|
|
| LEADER |
01543nam a22003615a 4500 |
| 001 |
33006 |
| 003 |
BD-DhAAL |
| 005 |
20211207121220.0 |
| 008 |
180415t2017 nyua b 001 0 eng d |
| 999 |
|
|
|c 39103
|d 39103
|
| 010 |
|
|
|a 2017936946
|
| 020 |
|
|
|a 1137601787
|
| 020 |
|
|
|a 9781137601780
|
| 020 |
|
|
|a 9781137601797 (eBook)
|
| 040 |
|
|
|a DLC
|c DLC
|
| 042 |
|
|
|a pcc
|
| 082 |
|
|
|a 338.47687095492
|2 23
|
| 245 |
0 |
0 |
|a Governing corporate social responsibility in the apparel industry after Rana Plaza /
|c edited by Anil Hira and Maureen Benson-Rea
|
| 260 |
|
|
|a New York :
|b Palgrave Macmillan,
|c 2017.
|
| 300 |
|
|
|a xvii, 181 pages :
|b illustrations ;
|c 23 cm.
|
| 504 |
|
|
|6 Includes bibliographical references and index.
|
| 526 |
|
|
|a ESS
|
| 541 |
|
|
|a Trim Education
|e 33006, 33007
|
| 650 |
|
|
|a Clothing trade
|z Bangladesh.
|9 25542
|
| 650 |
|
|
|a Clothing workers
|z Bangladesh.
|9 25543
|
| 650 |
|
|
|a Economics.
|9 43509
|
| 650 |
|
|
|a Social responsibility of business
|9 25544
|
| 700 |
|
|
|a Hira, Anil
|9 25545
|
| 700 |
|
|
|a Benson-Rea, Maureen
|9 25546
|
| 852 |
|
|
|a Ayesha Abed Library
|c General Stacks
|
| 942 |
|
|
|2 ddc
|c BK
|
| 952 |
|
|
|0 0
|1 0
|2 ddc
|4 0
|6 338_476870954920000_GOV
|7 0
|9 63173
|a BRACUL
|b BRACUL
|c GEN
|d 2018-04-15
|e Trim Education
|g 8315.00
|l 2
|m 2
|o 338.47687095492 GOV
|p 3010033006
|r 2021-09-02
|s 2020-01-05
|t 1
|v 8315.00
|w 2018-04-15
|y BK
|
| 952 |
|
|
|0 0
|1 0
|2 ddc
|4 0
|6 338_476870954920000_GOV
|7 0
|9 63174
|a BRACUL
|b BRACUL
|c GEN
|d 2018-04-15
|e Trim Education
|g 8315.00
|l 2
|m 8
|o 338.47687095492 GOV
|p 3010033007
|r 2022-07-21
|s 2022-02-24
|t 2
|v 8315.00
|w 2018-04-15
|y BK
|